| 000 | 00473nam a2200181Ia 4500 | ||
|---|---|---|---|
| 003 | LK-CoDNM | ||
| 005 | 20240229143837.0 | ||
| 008 | 010623t1902 xxu||||| |||| 00| 1 sin d | ||
| 040 |
_aLK-CoDNM _dLK-CoDNM _eLK-CoDNM |
||
| 041 | _asin | ||
| 080 | _a104 X1 | ||
| 245 | _aළමයින්ට පහන | ||
| 246 | _aThe children's lamp | ||
| 260 |
_bThe religious tract society _aColombo _c1902 |
||
| 300 |
_bDamaged _a10p.,13 cm |
||
| 500 | _aFirst series | ||
| 942 | _cBK | ||
| 999 |
_c85546 _d85546 |
||